000
00290nam a2200109Ia 4500
008
230907s9999||||xx |||||||||||||| ||und||
082
_a
150.287
_b
GRO
100
_a
Groth-Marnat, Gary,
_9
116084
245
0
_a
Handbook of psychological assessment /
300
_a
xii, 911 pages ;
942
_c
BK
999
_c
600993
_d
600993